000 00726cam a2200217 a 4500
001 000014378
005 20240422104515.0
008 740220s1972 mx 000 0 spa
040 _aDO-SdBNP
_bspa
_cDLC
_dBNPHU
082 _a320.983
_bB142r
100 1 _aBaeza Flores, Alberto,
_d1914-1998
_97565
245 1 0 _aRadiografía política de Chile /
_cAlberto Baeza Flores.
260 _aMéxico :
_bB. Costa-Amic Editor,
_c1972.
300 _a412 p. ;
_c21 cm.
504 _aIncluye referencias bibliográficas.
651 4 _aChile
_xPolítica Y Gobierno
_y1920-
_932475
651 4 _aChile
_xPolítica Y Gobierno
_y1824-1920
_919307
651 4 _aChile
_xHistoria
_917855
910 _aCatalogación por copia/LC
049 _aBNGR
999 _c13970
_d13970